01219nam a22002777a 4500003000400000005001700004008004100021040002200062082001800084100002700102245004300129260004700172300001900219366000800238490001300246505013400259505021100393505000900604650004100613650005000654650004400704650004800748650004300796650005500839650004700894OSt20230503170304.0221006b |||||||| |||| 00| 0 eng d cBiblioteca Lado V a709.05bR643f aRoberts, Jameseeditor aFrieze/bContemporary Art And Culture/ bDurian Publications Ltd.aInglaterrac2005 c23x30cma124p. eeng a90v2005 tFRONTaState of the Art Letters Informant View from the bridge Laughter tears Books Debate Events I am a cinematographer  tMIDDLEaWelcome to the Real World Good Circulation Taking a Line for a Walk Don't Fence Me in Shirana Shabazi Matthew Brannon Margaret Salmon Knut Henrik Henriksen City Report: Moscow Questionnaire tBACK 2Tesauro de Arte & ArquitecturaaARTE 2Tesauro de Arte & ArquitecturaaEXPOSICIONES  2Tesauro de Arte & ArquitecturaaCULTURA 2Tesauro de Arte & ArquitecturaaAPRECIACION 2Tesauro de Arte & ArquitecturaaTEORIA 2Tesauro de Arte & ArquitecturaaARTE CONTEMPORANEO 2Tesauro de Arte & ArquitecturaaINGLATERRA